[Event "Festival Magistrale"]
[Site "Caorle ITA"]
[Date "1989.07.??"]
[Round "7"]
[White "Marinelli, Tullio"]
[Black "Rasidovic, Sead"]
[Result "1-0"]
[WhiteElo "2375"]
[BlackElo "2365"]
[PlyCount "109"]
[EventDate "1989.07.01"]

1. d4 e6 2. c4 f5 3. g3 Nf6 4. Bg2 Bb4+ 5. Bd2 Bxd2+ 6. Nxd2 Nc6 7. d5 Ne5 8.
Ngf3 Ng6 9. Nd4 O-O 10. e3 c5 11. dxc6 dxc6 12. Qb3 e5 13. N4f3 e4 14. c5+ Kh8
15. Nd4 Qa5 16. Qc2 Ne5 17. O-O Nd3 18. N4b3 Qd8 19. Rad1 Qe7 20. f3 Nb4 21.
Qc4 Nbd5 22. Rfe1 Be6 23. Qa4 b5 24. Qa5 g5 25. Rc1 Bd7 26. Nd4 Qe5 27. N2b3 f4
28. exf4 gxf4 29. fxe4 Ne3 30. Qd2 Nxg2 31. Kxg2 fxg3 32. hxg3 Rg8 33. Re3 Nh5
34. Ne2 Rg7 35. Qc3 Qg5 36. Nbd4 Rf8 37. Nf3 Bh3+ 38. Kh2 Qh6 39. Nh4 Bg4 40.
Rg1 Nxg3 41. Rgxg3 Qxh4+ 42. Kg1 Rff7 43. Qe5 h5 44. Nd4 Rd7 45. Rd3 Qg5 46.
Qxg5 Rxg5 47. b4 h4 48. Rg2 Rg6 49. Kh2 Kh7 50. a3 Rd8 51. Rgd2 Re8 52. Re3 Re5
53. Nb3 Kh6 54. Rd6 Kg5 55. Nd4 1-0

[Event "Festival Magistrale"]
[Site "Caorle ITA"]
[Date "1989.07.??"]
[Round "7"]
[White "Messina, Enrico"]
[Black "Hever, Miklos"]
[Result "0-1"]
[WhiteElo "1900"]
[BlackElo "2295"]
[PlyCount "71"]
[EventDate "1989.07.01"]

1. e4 c5 2. Nf3 e6 3. d4 cxd4 4. Nxd4 Nf6 5. Nc3 d6 6. g4 a6 7. g5 Nfd7 8. Be3
Qc7 9. h4 Nc6 10. Qd2 Nde5 11. Be2 Nxd4 12. Qxd4 b5 13. O-O-O Nc6 14. Qd2 Qa5
15. h5 b4 16. Nb1 Qxa2 17. g6 fxg6 18. hxg6 h6 19. Bf4 e5 20. Bxh6 Be6 21. Be3
Rxh1 22. Rxh1 Rc8 23. Rh8 Na5 24. Bb5+ axb5 25. Qxd6 Qxb2+ 26. Kd1 Qxc2+ 27.
Ke1 Qxb1+ 28. Ke2 Bg4+ 29. f3 Rc2+ 30. Bd2 Rxd2+ 31. Qxd2 Qxe4+ 32. Kf1 Qxf3+
33. Ke1 Qg3+ 34. Kf1 Qf4+ 35. Qxf4 exf4 36. Rh4 0-1

[Event "Festival Magistrale"]
[Site "Caorle ITA"]
[Date "1989.07.??"]
[Round "7"]
[White "Paizis, Adamantia"]
[Black "De Gregorio, Massimiliano"]
[Result "1/2-1/2"]
[WhiteElo "2115"]
[BlackElo "1900"]
[PlyCount "22"]
[EventDate "1989.07.01"]

1. e4 g6 2. d4 Bg7 3. Nf3 d6 4. Bc4 Nf6 5. Nc3 O-O 6. O-O c6 7. Bb3 Qc7 8. Bf4
Bg4 9. h3 Bxf3 10. Qxf3 Nh5 11. Be3 Nd7 1/2-1/2

[Event "Festival Magistrale"]
[Site "Caorle ITA"]
[Date "1989.07.??"]
[Round "7"]
[White "Pastres, Roberto"]
[Black "Maksimovic, Suzana"]
[Result "1-0"]
[WhiteElo "2025"]
[BlackElo "2230"]
[PlyCount "33"]
[EventDate "1989.07.01"]

1. e4 c5 2. Nf3 Nc6 3. d4 cxd4 4. Nxd4 Nf6 5. Nc3 e5 6. Ndb5 d6 7. Bg5 a6 8.
Na3 b5 9. Nd5 Be7 10. Bxf6 Bxf6 11. c3 Ne7 12. Nc2 Nxd5 13. Qxd5 O-O 14. Qxa8
Qb6 15. Qd5 Bb7 16. Qd3 d5 17. exd5 1-0

[Event "Festival Magistrale"]
[Site "Caorle ITA"]
[Date "1989.07.??"]
[Round "7"]
[White "Ruzzier, Dario"]
[Black "Capelli, Giorgio"]
[Result "0-1"]
[WhiteElo "1960"]
[BlackElo "2030"]
[PlyCount "78"]
[EventDate "1989.07.01"]

1. d4 f5 2. c4 e6 3. Nc3 Nf6 4. Nf3 d5 5. g3 c6 6. Bg2 Bd6 7. b3 Bb4 8. Bd2 O-O
9. a3 Bd6 10. Qc1 Nbd7 11. Bf4 Bxf4 12. gxf4 Ne4 13. h4 Ndf6 14. e3 c5 15. Nxe4
dxe4 16. Ne5 cxd4 17. Ke2 d3+ 18. Kd2 Bd7 19. h5 Rc8 20. h6 g6 21. Qb2 Be8 22.
b4 Qb6 23. f3 Bc6 24. Nxc6 Qxc6 25. fxe4 fxe4 26. Rac1 Qd6 27. Bh3 Rce8 28.
Rhg1 Re7 29. Rg2 Kf7 30. Rg5 Ke8 31. Re5 Qc6 32. c5 g5 33. b5 Qc7 34. fxg5 Nd5
35. Ke1 d2+ 36. Qxd2 Qxe5 37. Kd1 Qg3 38. c6 Nxe3+ 39. Ke2 Qf2# 0-1

[Event "Festival Magistrale"]
[Site "Caorle ITA"]
[Date "1989.07.??"]
[Round "7"]
[White "Sinka, Brigitta"]
[Black "Bini, Lorenzo"]
[Result "1/2-1/2"]
[WhiteElo "2045"]
[BlackElo "1960"]
[PlyCount "107"]
[EventDate "1989.07.01"]

1. d4 b6 2. Nf3 e6 3. e4 Bb7 4. Bd3 g6 5. O-O Bg7 6. c3 d6 7. Be3 Ne7 8. Nbd2
Nd7 9. Rc1 O-O 10. Ng5 h6 11. Nh3 c5 12. f4 f5 13. Bf2 d5 14. exf5 exf5 15. Nf3
c4 16. Bc2 Nf6 17. Ne5 Ne4 18. Bh4 Bf6 19. Bxf6 Rxf6 20. Qe2 Bc6 21. Kh1 h5 22.
Rce1 Qd6 23. Ng5 Kg7 24. Ngf3 Rh8 25. Nh4 b5 26. a3 Bd7 27. Rf3 Ng8 28. Ref1
Nh6 29. h3 Be8 30. Kg1 Re6 31. Re3 Qe7 32. Qe1 Rg8 33. Nhf3 Kh8 34. Kh2 Kg7 35.
Rg1 Kf8 36. g3 g5 37. fxg5 Nxg5 38. Nxg5 Rxg5 39. Rf1 Kg7 40. Qf2 Qf6 41. Qf3
Kh8 42. Re2 h4 43. g4 Qd8 44. Qf4 fxg4 45. hxg4 Nxg4+ 46. Kh1 Rf6 47. Qc1 Rxf1+
48. Qxf1 Qf6 49. Nf3 Rg8 50. Qh3 Bh5 51. Rg2 Rf8 52. Qxh4 Qxh4+ 53. Nxh4 Rf1+
54. Rg1 {...} 1/2-1/2

[Event "Festival Magistrale"]
[Site "Caorle ITA"]
[Date "1989.07.??"]
[Round "7"]
[White "Spasojevic, Zoran M."]
[Black "Miladinovic, Igor"]
[Result "1/2-1/2"]
[WhiteElo "2285"]
[BlackElo "2350"]
[PlyCount "55"]
[EventDate "1989.07.01"]

1. c4 Nf6 2. Nc3 e6 3. Nf3 d5 4. e3 c5 5. d4 Nc6 6. a3 Be7 7. dxc5 Bxc5 8. b4
Bb6 9. Be2 O-O 10. O-O dxc4 11. Bxc4 Bc7 12. Bb2 a6 13. Qc2 b5 14. Bd3 Ne5 15.
Nxe5 Bxe5 16. f4 Bxc3 17. Bxc3 h6 18. Rfd1 Qe7 19. Bd4 Rd8 20. Bb6 Rd7 21. Be2
Bb7 22. Rxd7 Qxd7 23. Rd1 Qc6 24. Qxc6 Bxc6 25. Rd6 Rc8 26. Rd8+ Rxd8 27. Bxd8
Ne4 28. Bf3 1/2-1/2

[Event "Festival Magistrale"]
[Site "Caorle ITA"]
[Date "1989.07.??"]
[Round "7"]
[White "Sulava, Nenad"]
[Black "Filipovic, Branko"]
[Result "1-0"]
[WhiteElo "2380"]
[BlackElo "2450"]
[PlyCount "55"]
[EventDate "1989.07.01"]

1. d4 Nf6 2. Nf3 g6 3. Bg5 Bg7 4. Nbd2 d5 5. e3 O-O 6. c3 Nbd7 7. Be2 Qe8 8.
O-O c6 9. b4 e5 10. Rc1 e4 11. Ne1 Qe7 12. Qb3 b5 13. a4 a6 14. a5 Re8 15. Nc2
h6 16. Bh4 Ra7 17. Rce1 Nf8 18. f3 exf3 19. Bxf3 g5 20. Bg3 Ne4 21. Nxe4 dxe4
22. Be2 Be6 23. Qb2 Nh7 24. Na1 f5 25. Nb3 Rf8 26. Nc5 Bc8 27. Bd1 Kh8 28. Qa2
{...} 1-0

[Event "Festival Magistrale"]
[Site "Caorle ITA"]
[Date "1989.07.??"]
[Round "7"]
[White "Vujosevic, Vladimir"]
[Black "Steiner, Darko"]
[Result "1-0"]
[WhiteElo "2335"]
[BlackElo "2300"]
[PlyCount "59"]
[EventDate "1989.07.01"]

1. e4 e6 2. d3 d5 3. Nd2 Nf6 4. Ngf3 b6 5. g3 Be7 6. Bg2 dxe4 7. dxe4 Bb7 8. e5
Nfd7 9. O-O Qc8 10. Re1 Nc6 11. Nf1 h6 12. h4 g5 13. hxg5 hxg5 14. N1h2 Rg8 15.
Ng4 Rg6 16. Be3 Nb4 17. a3 Nd5 18. Bd2 c5 19. c4 Nc7 20. Bc3 b5 21. b3 Nb6 22.
Qe2 bxc4 23. bxc4 Qd7 24. Red1 Qa4 25. Nd2 Bxg2 26. Kxg2 Qc6+ 27. Ne4 Nd7 28.
Qf3 Kf8 29. Rh1 Kg7 30. Rh7+ 1-0

[Event "Festival Magistrale"]
[Site "Caorle ITA"]
[Date "1989.07.??"]
[Round "7"]
[White "Vujovic, Milorad"]
[Black "Osmanbegovic, Suad"]
[Result "1/2-1/2"]
[WhiteElo "2295"]
[BlackElo "2240"]
[PlyCount "35"]
[EventDate "1989.07.01"]

1. e4 g6 2. d4 c5 3. dxc5 Bg7 4. Nc3 Qa5 5. Nge2 Nf6 6. Ng3 Qxc5 7. Be3 Qa5 8.
Bc4 Nc6 9. f3 b5 10. Bb3 d6 11. O-O O-O 12. Qd2 Be6 13. Rad1 Rac8 14. Nge2 a6
15. Nf4 Bc4 16. Rfe1 Qc7 17. Bxc4 bxc4 18. Ncd5 1/2-1/2

[Event "Festival Magistrale"]
[Site "Caorle ITA"]
[Date "1989.07.??"]
[Round "7"]
[White "Weinberg, Emanuele"]
[Black "Karakas-Kertesz, Eva"]
[Result "0-1"]
[WhiteElo "1900"]
[BlackElo "2075"]
[PlyCount "88"]
[EventDate "1989.07.01"]

1. d4 e6 2. c4 d5 3. Nf3 Nf6 4. g3 c6 5. Bg2 Bd6 6. cxd5 exd5 7. Nc3 O-O 8. O-O
Nbd7 9. a3 Re8 10. Bg5 h6 11. Bxf6 Nxf6 12. Rc1 a5 13. Ne1 Bf5 14. Nd3 Qb6 15.
e3 Bxd3 16. Qxd3 Qxb2 17. Rb1 Qxa3 18. Ra1 Qb3 19. Rfb1 Qc4 20. Qxc4 dxc4 21.
Rxb7 Bb4 22. Rc1 Reb8 23. Bxc6 Rxb7 24. Bxb7 Ra7 25. Bc6 Bxc3 26. Rxc3 a4 27.
Ra3 c3 28. Rxc3 a3 29. Rc1 Rc7 30. Ra1 Rxc6 31. Rxa3 Kf8 32. Kg2 Ke7 33. h4 h5
34. f4 g6 35. Kf3 Re6 36. Ra7+ Kf8 37. Ra8+ Kg7 38. Ra3 Re8 39. Rb3 Ne4 40. Ra3
f5 41. Ra7+ Kh6 42. Ra3 Rb8 43. Ra2 Rb3 44. Rc2 44... Rb1 {...} 0-1

[Event "Festival Magistrale"]
[Site "Caorle ITA"]
[Date "1989.07.??"]
[Round "7"]
[White "Zupe, Miran"]
[Black "Mufic, Goran"]
[Result "1/2-1/2"]
[WhiteElo "2330"]
[BlackElo "2275"]
[PlyCount "63"]
[EventDate "1989.07.01"]

1. e4 c5 2. Nf3 Nc6 3. d4 cxd4 4. Nxd4 g6 5. c4 Bg7 6. Be3 Nf6 7. Nc3 O-O 8.
Be2 d6 9. O-O Bd7 10. f3 Nxd4 11. Bxd4 Bc6 12. Qd2 Nd7 13. Rac1 Bxd4+ 14. Qxd4
Qb6 15. Qxb6 Nxb6 16. Kf2 a5 17. b3 Nd7 18. Rfd1 Nc5 19. Rd2 Kg7 20. Bd1 b6 21.
a3 Rfc8 22. b4 axb4 23. axb4 Nd7 24. Be2 Ra3 25. Rb2 Kf8 26. Rbb1 Ke8 27. h4 f6
28. Nd5 Bxd5 29. cxd5 Rxc1 30. Rxc1 Kd8 31. Rc6 Ra4 32. b5 1/2-1/2

[Event "Festival Magistrale"]
[Site "Caorle ITA"]
[Date "1989.07.??"]
[Round "8"]
[White "Anceschi, Vittorio"]
[Black "Pasqualin, Giorgio"]
[Result "1-0"]
[WhiteElo "2280"]
[BlackElo "2065"]
[PlyCount "73"]
[EventDate "1989.07.01"]

1. e4 c5 2. Nf3 Nc6 3. d4 cxd4 4. Nxd4 Nf6 5. Nc3 d6 6. f4 g6 7. Nxc6 bxc6 8.
e5 dxe5 9. Qxd8+ Kxd8 10. fxe5 Ng4 11. Bf4 Bg7 12. O-O-O+ Ke8 13. Re1 g5 14.
Bxg5 Nxe5 15. g3 Bg4 16. Bg2 Bf3 17. Rxe5 Bxg2 18. Rxe7+ Kf8 19. Rhe1 Bxc3 20.
bxc3 h6 21. Bf4 Bd5 22. a3 h5 23. h4 Kg8 24. R1e5 Kg7 25. Rc7 Rh7 26. Rg5+ Kf6
27. c4 Bf3 28. Kb2 Ke6 29. Re5+ Kf6 30. Kc3 a6 31. Re3 Bh1 32. Re1 Bg2 33. Rg1
Bf3 34. Rf1 Bg2 35. Rf2 Bh1 36. Bg5+ Ke6 37. Rf6+ 1-0

[Event "Festival Magistrale"]
[Site "Caorle ITA"]
[Date "1989.07.??"]
[Round "8"]
[White "Bini, Lorenzo"]
[Black "Gregoratti, Ivaldi"]
[Result "1/2-1/2"]
[WhiteElo "1960"]
[BlackElo "1975"]
[PlyCount "53"]
[EventDate "1989.07.01"]

1. b3 c5 2. e3 d5 3. Ba3 e5 4. d4 exd4 5. exd4 cxd4 6. Bxf8 Kxf8 7. Qxd4 Nc6 8.
Qd2 Nf6 9. Bd3 Bg4 10. f3 Bh5 11. Ne2 Qb6 12. Nbc3 Bg6 13. O-O-O Bxd3 14. Qxd3
h5 15. Kb2 Rc8 16. Qf5 Ne7 17. Qe5 Rh6 18. Qd4 Qa5 19. Rhe1 Ne8 20. Qa4 Qc5 21.
Qd4 Qa5 22. Qa4 Qxa4 23. Nxa4 Rhc6 24. Nd4 R6c7 25. Re2 Nd6 26. Kb1 g6 27. Nb2
1/2-1/2

[Event "Festival Magistrale"]
[Site "Caorle ITA"]
[Date "1989.07.??"]
[Round "8"]
[White "Bistric, Faruk"]
[Black "Paizis, Adamantia"]
[Result "1-0"]
[WhiteElo "2340"]
[BlackElo "2115"]
[PlyCount "81"]
[EventDate "1989.07.01"]

1. c4 Nf6 2. Nc3 g6 3. g3 Bg7 4. Bg2 O-O 5. d4 d6 6. Nf3 Nbd7 7. O-O e5 8. e4
exd4 9. Nxd4 Ne5 10. b3 Nc6 11. Bb2 Re8 12. Nxc6 bxc6 13. e5 Rxe5 14. Bxc6 Bh3
15. Re1 Rxe1+ 16. Qxe1 Rb8 17. Qd2 Ng4 18. Re1 Ne5 19. Bg2 Qf6 20. Re3 Bxg2 21.
Kxg2 Ng4 22. Re2 Qf5 23. Nd5 Qh5 24. h3 Ne5 25. Bxe5 dxe5 26. Nxc7 Qf5 27. Qd5
Qc8 28. Nb5 Qb7 29. Rd2 Bf6 30. Qxb7 Rxb7 31. Rd6 Be7 32. Ra6 Bc5 33. a3 Rd7
34. b4 Bf8 35. Rxa7 Rd2 36. Nc7 Rb2 37. Nd5 Kg7 38. c5 Rd2 39. Rd7 Ra2 40. c6
Rxa3 41. c7 1-0

[Event "Festival Magistrale"]
[Site "Caorle ITA"]
[Date "1989.07.??"]
[Round "8"]
[White "Capelli, Giorgio"]
[Black "Mazzotti, Carlo"]
[Result "0-1"]
[WhiteElo "2030"]
[BlackElo "1944"]
[PlyCount "94"]
[EventDate "1989.07.01"]

1. c4 e6 2. g3 Nf6 3. Bg2 d5 4. cxd5 exd5 5. Nf3 Be7 6. O-O O-O 7. d3 Re8 8. e3
c6 9. Nc3 Bg4 10. Qb3 Qc7 11. Bd2 Nbd7 12. Rac1 Qb6 13. Qc2 Bxf3 14. Bxf3 Ne5
15. Be2 Rad8 16. Na4 Qc7 17. b4 Qd7 18. Kg2 d4 19. e4 Nxe4 20. Bf4 Ng6 21. dxe4
Nxf4+ 22. gxf4 d3 23. Bxd3 Qg4+ 24. Kh1 Qf3+ 25. Kg1 Rxd3 26. Nb2 Rd6 27. f5
Qg4+ 28. Kh1 Qf3+ 29. Kg1 Bg5 30. Rcd1 Qg4+ 31. Kh1 Rxd1 32. Qxd1 Qxe4+ 33. f3
Qe2 34. Qxe2 Rxe2 35. Nd3 Rxa2 36. f4 Bf6 37. Re1 g6 38. Nc5 b6 39. Re8+ Kg7
40. Ne4 Rb2 41. Rc8 Rxb4 42. Nd6 Bb2 43. f6+ Kxf6 44. Rxc6 Kg7 45. Rc7 Rxf4 46.
Rxa7 Be5 47. Ne8+ Kf8 0-1

[Event "Festival Magistrale"]
[Site "Caorle ITA"]
[Date "1989.07.??"]
[Round "8"]
[White "Cassai, Paolo"]
[Black "Cugini, Verter"]
[Result "0-1"]
[WhiteElo "2115"]
[BlackElo "2130"]
[PlyCount "132"]
[EventDate "1989.07.01"]

1. e4 e6 2. d4 d5 3. Nc3 Nf6 4. Bg5 Bb4 5. e5 h6 6. Bd2 Bxc3 7. Bxc3 Ne4 8. Qg4
g6 9. Bb4 c5 10. dxc5 Qc7 11. Bb5+ Nd7 12. Qe2 a6 13. Bd3 Qxe5 14. O-O-O Qg5+
15. Kb1 Qxg2 16. Bxe4 Qxe4 17. Qxe4 dxe4 18. Nh3 Nf8 19. Rd4 f5 20. c6 bxc6 21.
Rhd1 Nd7 22. Rd6 Nf8 23. Rxc6 g5 24. Ba5 Bd7 25. Rcd6 Rh7 26. c4 Ng6 27. Bc3 g4
28. Ng1 Nf4 29. c5 Rc8 30. b4 Nd5 31. Ne2 Rc6 32. Rxc6 Bxc6 33. Kb2 Ba4 34. Re1
a5 35. bxa5 Rc7 36. Ka3 Bb5 37. Bb4 Bxe2 38. Rxe2 Rb7 39. Bd2 h5 40. Be3 Ra7
41. Bd2 Kd7 42. Ka4 Kc6 43. Bb4 h4 44. Kb3 Kb5 45. a3 Nf4 46. Rc2 Kc6 47. Kc4
Nd3 48. Re2 Rd7 49. Bc3 Nxc5 50. Bd4 Nd3 51. Rc2 Kb7 52. Bb6 Ka6 53. a4 Ne1 54.
Rb2 Nf3 55. Rb5 Nxh2 56. Be3 Rc7+ 57. Kb4 Rb7 58. Bf4 Nf3 59. Kc5 h3 60. Rb6+
Rxb6 61. axb6 Kb7 62. a5 e5 63. a6+ Kxa6 64. Kc6 Nd4+ 65. Kc7 Ne6+ 66. Kc8 Kxb6
0-1

[Event "Festival Magistrale"]
[Site "Caorle ITA"]
[Date "1989.07.??"]
[Round "8"]
[White "Cristiani, Cesare"]
[Black "Gant, Otilia"]
[Result "0-1"]
[WhiteElo "1900"]
[BlackElo "2240"]
[PlyCount "90"]
[EventDate "1989.07.01"]

1. d4 Nf6 2. c4 c5 3. d5 g6 4. Nc3 Bg7 5. e4 d6 6. f4 O-O 7. Nf3 e6 8. Be2 exd5
9. cxd5 Bg4 10. O-O Re8 11. Qc2 Bxf3 12. Bxf3 a6 13. a4 Nbd7 14. Kh1 c4 15. Be3
Qc7 16. Bg1 Nc5 17. g4 h6 18. g5 hxg5 19. fxg5 Nfd7 20. Bg2 Ne5 21. Rae1 Ncd3
22. Re2 Qd7 23. Be3 b5 24. axb5 axb5 25. Nd1 b4 26. Bd4 Qg4 27. Qd2 Ra2 28. Qe3
Qc8 29. Bh3 Qc7 30. Nf2 Nxb2 31. Rxb2 Rxb2 32. Bxb2 c3 33. Ba1 Nc4 34. Qf4 Nd2
35. Rg1 b3 36. Rc1 Qa5 37. Bxc3 Bxc3 38. Ng4 b2 39. Nh6+ Kh8 40. Nxf7+ Kg7 41.
Rf1 Nxf1 42. e5 Ng3+ 43. hxg3 b1=Q+ 44. Kh2 Qaa2+ 45. Bg2 Bxe5 0-1

[Event "Festival Magistrale"]
[Site "Caorle ITA"]
[Date "1989.07.??"]
[Round "8"]
[White "De Gregorio, Massimiliano"]
[Black "Rukavina, Josip"]
[Result "0-1"]
[WhiteElo "1900"]
[BlackElo "2455"]
[PlyCount "60"]
[EventDate "1989.07.01"]

1. e4 d6 2. d4 Nf6 3. Nc3 g6 4. f4 Bg7 5. Nf3 O-O 6. Be2 c5 7. dxc5 Qa5 8. O-O
Qxc5+ 9. Kh1 Nc6 10. Bd2 b5 11. a3 a6 12. Bd3 Bg4 13. h3 Bxf3 14. Rxf3 Qa7 15.
g4 Rac8 16. Ne2 Rfd8 17. Bc3 d5 18. e5 Ne4 19. Be1 f6 20. exf6 Bxf6 21. c3 Na5
22. Qc2 Nc4 23. Ng3 Nxg3+ 24. Bxg3 d4 25. g5 Bg7 26. f5 dxc3 27. f6 exf6 28.
gxf6 Nd2 29. Be5 Nxf3 30. Qb3+ Qf7 0-1

[Event "Festival Magistrale"]
[Site "Caorle ITA"]
[Date "1989.07.??"]
[Round "8"]
[White "Filipovic, Branko"]
[Black "Kosic, Dragan"]
[Result "1-0"]
[WhiteElo "2450"]
[BlackElo "2445"]
[PlyCount "47"]
[EventDate "1989.07.01"]

1. e4 e6 2. d3 d5 3. Nd2 Nf6 4. g3 dxe4 5. dxe4 e5 6. Ngf3 Nc6 7. Bg2 Bc5 8.
O-O O-O 9. c3 a5 10. Qc2 Be6 11. Ng5 Bd7 12. Nc4 Qc8 13. Nf3 Bh3 14. Nh4 Bxg2
15. Kxg2 Qe6 16. Ne3 Rfd8 17. Nef5 a4 18. Bg5 a3 19. b3 Bb6 20. Qe2 Rd7 21. Qf3
h6 22. Nxg7 Kxg7 23. Bxf6+ Qxf6 24. Qg4+ 1-0

[Event "Festival Magistrale"]
[Site "Caorle ITA"]
[Date "1989.07.??"]
[Round "8"]
[White "Forgacs, Gyula"]
[Black "Nikcevic, Nebojsa"]
[Result "1/2-1/2"]
[WhiteElo "2340"]
[BlackElo "2295"]
[PlyCount "36"]
[EventDate "1989.07.01"]

1. e4 c5 2. Nf3 Nc6 3. d4 cxd4 4. Nxd4 Nf6 5. Nc3 e5 6. Nb3 Bb4 7. Bc4 O-O 8.
O-O Bxc3 9. bxc3 d6 10. Ba3 Ne8 11. Qd3 Qe7 12. Rad1 Be6 13. Bxe6 Qxe6 14. Qb5
Rb8 15. Rd2 Nc7 16. Qe2 Rfd8 17. Rfd1 Ne8 18. Rd3 Qc4 1/2-1/2

[Event "Festival Magistrale"]
[Site "Caorle ITA"]
[Date "1989.07.??"]
[Round "8"]
[White "Gajic, Zoran"]
[Black "Raicevic, Ivica"]
[Result "1/2-1/2"]
[WhiteElo "2290"]
[BlackElo "2325"]
[PlyCount "20"]
[EventDate "1989.07.01"]

1. e4 e6 2. d4 d5 3. Nd2 dxe4 4. Nxe4 Nd7 5. Nf3 Ngf6 6. Bg5 Be7 7. Nxf6+ Nxf6
8. c3 O-O 9. Bd3 b6 10. O-O Bb7 1/2-1/2

[Event "Festival Magistrale"]
[Site "Caorle ITA"]
[Date "1989.07.??"]
[Round "8"]
[White "Jovicic, Milos"]
[Black "Vujosevic, Vladimir"]
[Result "1/2-1/2"]
[WhiteElo "2350"]
[BlackElo "2335"]
[PlyCount "20"]
[EventDate "1989.07.01"]

1. Nf3 d5 2. d4 Nf6 3. c4 e6 4. Nc3 Be7 5. cxd5 exd5 6. Bg5 O-O 7. e3 Nbd7 8.
Bd3 Re8 9. O-O Nf8 10. Qc2 c6 1/2-1/2

[Event "Festival Magistrale"]
[Site "Caorle ITA"]
[Date "1989.07.??"]
[Round "8"]
[White "Kostic, Vladimir G."]
[Black "Guerra, Alessandro"]
[Result "1-0"]
[WhiteElo "2350"]
[BlackElo "2128"]
[PlyCount "55"]
[EventDate "1989.07.01"]

1. d4 Nf6 2. c4 e6 3. Nf3 Bb4+ 4. Nbd2 b6 5. Qb3 Qe7 6. a3 Bxd2+ 7. Nxd2 Bb7 8.
Qg3 c5 9. dxc5 bxc5 10. b4 Nc6 11. Bb2 e5 12. Rc1 O-O 13. b5 Nd4 14. e3 Nh5 15.
Qh3 g6 16. Bd3 Ne6 17. O-O f5 18. Bxe5 d6 19. Bb2 Ng5 20. Qh4 Rae8 21. Rce1 f4
22. Bc3 f3 23. g4 Bc8 24. Kh1 Ng7 25. Rg1 Kf7 26. Qh6 N5e6 27. Qxh7 Qg5 28. Ne4
1-0

[Event "Festival Magistrale"]
[Site "Caorle ITA"]
[Date "1989.07.??"]
[Round "8"]
[White "Lazic, Miroljub"]
[Black "Kajganovic, Miodrag"]
[Result "0-1"]
[WhiteElo "2485"]
[BlackElo "2220"]
[PlyCount "112"]
[EventDate "1989.07.01"]

1. d4 d5 2. Nf3 Nf6 3. Bg5 Ne4 4. Bf4 c5 5. dxc5 Nc6 6. e3 f6 7. c4 Qa5+ 8.
Nbd2 dxc4 9. Bxc4 Bg4 10. Qc2 Rd8 11. Rd1 Nxd2 12. Rxd2 e5 13. Bg3 Bxf3 14.
gxf3 Bxc5 15. Ke2 Rxd2+ 16. Qxd2 Qxd2+ 17. Kxd2 Ke7 18. a3 Bd6 19. Rd1 h6 20.
Ke2 f5 21. f4 g5 22. fxe5 Bxe5 23. Bxe5 Nxe5 24. Bd5 Rc8 25. Rd2 Rc7 26. Bb3
Ng4 27. h3 Nf6 28. Rd4 b6 29. Bc4 Rd7 30. Rxd7+ Kxd7 31. Kf3 Kd6 32. Bd3 Ke5
33. Bc2 h5 34. Kg2 h4 35. Bd3 Ne8 36. Kf3 Nd6 37. Be2 Nf7 38. Ba6 Kf6 39. Bb5
Ne5+ 40. Kg2 g4 41. Be2 Kg5 42. b3 f4 43. hxg4 fxe3 44. fxe3 Nxg4 45. e4 Ne5
46. Ba6 Kf4 47. Bb7 Nd3 48. b4 Ne1+ 49. Kh3 Nc2 50. Kxh4 Nxa3 51. Kh3 Nc2 52.
b5 Nd4 53. Bc6 a5 54. Kg2 Ke5 55. Kf2 Nxc6 56. bxc6 Kd6 0-1

[Event "Festival Magistrale"]
[Site "Caorle ITA"]
[Date "1989.07.??"]
[Round "8"]
[White "Luciani, Carlo"]
[Black "Vujovic, Milorad"]
[Result "1/2-1/2"]
[WhiteElo "2150"]
[BlackElo "2295"]
[PlyCount "28"]
[EventDate "1989.07.01"]

1. d4 Nf6 2. Nf3 g6 3. Bf4 Bg7 4. Nbd2 d6 5. e4 O-O 6. h3 Nc6 7. Bc4 Nh5 8. Be3
e5 9. c3 Re8 10. d5 Ne7 11. g4 Nf4 12. Bb5 Bd7 13. Bxd7 Qxd7 14. Qc2 a6 1/2-1/2

[Event "Festival Magistrale"]
[Site "Caorle ITA"]
[Date "1989.07.??"]
[Round "8"]
[White "Maffezzoli, Massimo"]
[Black "Gaggiottini, Manfredo"]
[Result "0-1"]
[WhiteElo "1940"]
[BlackElo "2030"]
[PlyCount "52"]
[EventDate "1989.07.01"]

1. c4 Nf6 2. Nc3 g6 3. g3 Bg7 4. Bg2 c5 5. e3 O-O 6. Nge2 e5 7. O-O Nc6 8. d4
d6 9. d5 Ne7 10. e4 Nh5 11. f4 Bg4 12. Qd3 Qd7 13. fxe5 Bxe5 14. Nf4 f5 15.
Nxh5 fxe4 16. Bxe4 Rxf1+ 17. Kxf1 Bxh5 18. Bh6 Qh3+ 19. Kg1 Bg4 20. Bf4 Bd4+
21. Be3 Bg7 22. Nb5 Nf5 23. Bf4 Rf8 24. Bg2 Qh5 25. Nxd6 g5 26. Be3 Nxe3 0-1

[Event "Festival Magistrale"]
[Site "Caorle ITA"]
[Date "1989.07.??"]
[Round "8"]
[White "Magari, Roberto"]
[Black "Loncar, Robert"]
[Result "1-0"]
[WhiteElo "1935"]
[BlackElo "2350"]
[PlyCount "47"]
[EventDate "1989.07.01"]

1. e4 c5 2. c3 b6 3. d4 cxd4 4. cxd4 Bb7 5. Bd3 Nf6 6. Nc3 e6 7. Nge2 d6 8. O-O
Be7 9. Bg5 O-O 10. Qc2 d5 11. e5 Ne4 12. Bxe7 Qxe7 13. Nxe4 dxe4 14. Bxe4 Bxe4
15. Qxe4 Na6 16. a3 Rac8 17. Rac1 h6 18. Nc3 Rfd8 19. f4 Nc7 20. f5 Kh8 21. f6
Qf8 22. Rf3 Nd5 23. Rcf1 g5 24. g4 1-0

[Event "Festival Magistrale"]
[Site "Caorle ITA"]
[Date "1989.07.??"]
[Round "8"]
[White "Miladinovic, Igor"]
[Black "Zupe, Miran"]
[Result "1-0"]
[WhiteElo "2350"]
[BlackElo "2330"]
[PlyCount "67"]
[EventDate "1989.07.01"]

1. d4 Nf6 2. c4 e6 3. Nc3 d5 4. cxd5 exd5 5. Bg5 Be7 6. e3 c6 7. Bd3 Nbd7 8.
Qc2 Nf8 9. Nf3 g6 10. O-O Ne6 11. Bf4 Nxf4 12. exf4 Nh5 13. g3 Ng7 14. Rfe1 O-O
15. Rab1 a5 16. a3 Bf5 17. b4 axb4 18. axb4 Bxd3 19. Qxd3 Ra3 20. Qc2 Bf6 21.
Qb2 Ra8 22. b5 Nf5 23. bxc6 bxc6 24. Rbd1 Qd6 25. Ne5 Rfb8 26. Qc2 Rb4 27. Ne2
Raa4 28. Qxc6 Qxc6 29. Nxc6 Rc4 30. Ne5 Nxd4 31. Nxc4 Nf3+ 32. Kh1 Nxe1 33. Ne3
d4 34. Nd5 1-0

[Event "Festival Magistrale"]
[Site "Caorle ITA"]
[Date "1989.07.??"]
[Round "8"]
[White "Mufic, Goran"]
[Black "Marinelli, Tullio"]
[Result "1/2-1/2"]
[WhiteElo "2275"]
[BlackElo "2375"]
[PlyCount "120"]
[EventDate "1989.07.01"]

1. d4 Nf6 2. Nf3 b6 3. Bg5 Ne4 4. Bh4 d5 5. e3 g6 6. c4 Bb7 7. cxd5 Bxd5 8.
Qa4+ Nd7 9. Bb5 c6 10. Bd3 Bg7 11. Nc3 Nxc3 12. bxc3 c5 13. Bc4 Bxc4 14. Qxc4
O-O 15. O-O Rc8 16. Qa6 Rc7 17. a4 Nb8 18. Qb5 cxd4 19. cxd4 Nc6 20. Bg3 Rc8
21. Rac1 Na5 22. Ne5 Bxe5 23. Bxe5 Qe8 24. Bc7 Qxb5 25. axb5 f6 26. Rc3 Kf7 27.
Rfc1 Ke6 28. Kf1 Kd7 29. Ke2 h5 30. Kd3 h4 31. h3 Rh8 32. Bf4 Rxc3+ 33. Rxc3
Rh5 34. Rc7+ Ke8 35. Rxa7 Rxb5 36. e4 Rb3+ 37. Kc2 Rb4 38. Be3 Nc6 39. Ra8+ Kf7
40. Kc3 b5 41. Rc8 Rc4+ 42. Kd2 Nxd4 43. Rxc4 Nb3+ 44. Kd3 bxc4+ 45. Kxc4 Na5+
46. Kd5 Nb7 47. Bb6 Nd6 48. f3 Ne8 49. Ba5 e5 50. Be1 g5 51. g3 hxg3 52. Bxg3
Nc7+ 53. Kc4 Ne6 54. h4 Kg6 55. Kd3 Nf4+ 56. Kd2 Nh5 57. Bf2 f5 58. hxg5 fxe4
59. fxe4 Kxg5 60. Be3+ Kg4 1/2-1/2

[Event "Festival Magistrale"]
[Site "Caorle ITA"]
[Date "1989.07.??"]
[Round "8"]
[White "Riemersma, Liafbern"]
[Black "Becx, Cesar"]
[Result "1-0"]
[WhiteElo "2360"]
[BlackElo "2300"]
[PlyCount "47"]
[EventDate "1989.07.01"]

1. e4 e5 2. Bc4 Nc6 3. d3 Nf6 4. Nc3 Be7 5. f4 d6 6. Nf3 Bg4 7. h3 Bxf3 8. Qxf3
Nd4 9. Qd1 exf4 10. Bxf4 O-O 11. O-O c6 12. a3 Nd7 13. Ba2 Ne5 14. Be3 Ne6 15.
d4 Ng6 16. Qg4 Nc7 17. Rf5 Bf6 18. Raf1 Qd7 19. e5 dxe5 20. Rxf6 Qxg4 21. Rxf7
Qe6 22. Rxc7 Qxa2 23. Nxa2 exd4 24. Bxd4 1-0